Sympatizant /

Hlavní autor: Nguyen, Viet Thanh, 1971-
Další autoři: Makovský, Karel, 1973-
Jazyk: Čeština
Vydáno: V Brně : Jota, 2017
Vydání: Vydání první
Témata:
Externí odkaz: Digitalizovaný dokument
Fyzický popis: 431 stran ; 22 cm
Knihy
Uloženo v:
LEADER 01642nam a2200433 i 4500
001 nkc20172898668
003 CZ PrNK
005 20251010235005.0
007 ta
008 170523s2017 xr g 000 f cze
015 |a cnb002898668 
020 |a 978-80-7565-158-7  |q (vázáno) 
035 |a (OCoLC)993637639 
040 |a OLA001  |b cze  |d ABA001  |e rda 
041 1 |a cze  |h eng 
072 7 |a 821.111-3  |x Anglická próza, anglicky psaná  |2 Konspekt  |9 25 
080 |a 821.111-31  |2 MRF 
080 |a (0:82-312.4)  |2 MRF 
100 1 |a Nguyen, Viet Thanh,  |d 1971-  |7 mub2016921735  |4 aut 
240 1 0 |a Sympathizer.  |l Česky 
245 1 0 |a Sympatizant /  |c Viet Thanh Nguyen ; z anglického originálu The sympathizer ... přeložil Karel Makovský 
250 |a Vydání první 
264 1 |a V Brně :  |b Jota,  |c 2017 
300 |a 431 stran ;  |c 22 cm 
336 |a text  |b txt  |2 rdacontent 
337 |a bez média  |b n  |2 rdamedia 
338 |a svazek  |b nc  |2 rdacarrier 
655 7 |a anglicky psané romány  |7 fd131805  |2 czenas 
655 7 |a špionážní romány  |7 fd133920  |2 czenas 
655 9 |a fiction in English  |2 eczenas 
655 9 |a spy novels  |2 eczenas 
700 1 |a Makovský, Karel,  |d 1973-  |7 xx0084950  |4 trl 
856 4 1 |u http://www.digitalniknihovna.cz/mzk/uuid/uuid:938f65b0-899b-11f0-9c4b-5ef3fc9bb22f  |y Digitalizovaný dokument  |x NDK 
910 2 |a BOA001  |b 2-1391.111 
990 |a BK 
995 |a 01 
991 |b 201706  |c NOV 
996 6 |b 2610710189  |c 2-1391.111  |l MZK  |r Sklad / do 1 hodiny  |n 0  |p p.v.  |w 001615411  |u 000010  |a 1  |e BOA001  |j MZK50  |s P 
996 7 |b 2610710190  |c 2-1391.111  |l MZK  |r Sklad / do 1 hodiny  |n 10  |p p.v.  |w 001615411  |u 000020  |a 1  |e BOA001  |j MZK50  |s A